| 000 | 00371nam a2200169Ia 4500 | ||
|---|---|---|---|
| 008 | 220726s9999||||xx |||||||||||||| ||und|| | ||
| 020 | _a9789374734711 | ||
| 082 | _a610 | ||
| 082 | _bDas/E | ||
| 100 | _aDas, P. C. | ||
| 245 | 0 | _aDas-Environmrntal Biology, 2/Ed. | |
| 260 | _aDelhi | ||
| 260 | _bAITBS Publishers | ||
| 260 | _c2021 | ||
| 300 | _a231 | ||
| 942 | _cPB | ||
| 999 |
_c34240 _d34240 |
||